00873nam a22002297a 4500003001700000005001700017008004100034020001800075040000700093041001200100082001400112100001900126245004400145250000600189260002600195300003200221365006400253520025400317650003400571700002000605700001800625St Aloysius Coll20260305172456.0260227b |||||||| |||| 00| 0 eng d a9781292735450 cAL aEnglish a302bCLAS aDebbie Clayton aSocial psychologyb: psychology express a2 aLondonbPearsonc2025 axiv, 257p.bPBc23.2x15.5cm 2Generala6279b₹1803.00c₹d₹2254.00e20%f23/02/2026 aAttitudes; Attitude Change and persuasion; Attribution theory; Self and identity; Social influence; Group processes; Prejudice and inter group relations; Prosocial behaviour; Aggression; Attraction and close relationships; Critical social psychology 2PsychologyaSocial Psychology aFreeman, Leanne aMercer, Jenny